|
|
|
|
| LEADER |
00000nam a22000007a 4500 |
| 005 |
20150812235810.0 |
| 007 |
cr|||| |||| |
| 008 |
150812s2015 mx |||||s|||| 00||0 spa d |
| 020 |
|
|
|a 978-607-406-714-9
|
| 035 |
|
|
|a 12802
|
| 040 |
|
|
|a vLex
|
| 090 |
|
|
|c 5535
|d 5535
|
| 100 |
1 |
|
|a Hernǹdez Rodrg̕uez, Jess︢
|
| 245 |
1 |
0 |
|a Estudio Prc̀tico de la Contabilidad Electrn̤ica
|h [Recurso electrn̤ico] /
|c Jess︢ Hernǹdez Rodrg̕uez, Mn̤ica Isela Galindo Cosme, Miguel Angel Hernǹdez Yescas
|
| 256 |
|
|
|a Servicio en ln̕ea
|
| 260 |
|
|
|a Mx̌ico DF:
|b Ediciones Fiscales ISEF,
|c 2015
|
| 300 |
|
|
|a 1 recurso electrn̤ico
|
| 506 |
1 |
|
|a Disponible solo en los productos indicados
|d vLex Global
|d vLex Global (Academic Edition, excluding Law Schools)
|d vLex Global (U.S. Academic Edition, Law Schools)
|d vLex Global (U.S. Academic Edition, excluding Law Schools)
|d vLex Global (Academic Edition, Law Schools)
|
| 650 |
0 |
4 |
|a Derecho Fiscal
|z Mx̌ico
|
| 700 |
1 |
|
|a Galindo Cosme, Mn̤ica Isela
|
| 700 |
1 |
|
|a Hernǹdez Yescas, Miguel Angel
|
| 740 |
0 |
|
|a vLex Libros (Servicio en ln̕ea)
|
| 856 |
4 |
0 |
|u http://vlex.com/source/estudio-practico-contabilidad-electronica-12802
|z Acceso restringido
|
| 942 |
|
|
|c BOOK
|
| 999 |
0 |
|
|a Tax Law
|